000
00329nam a22001337a 4500
008
170905b xxu||||| |||| 00| 0 eng d
020
_a
9781412944571
041
_a
eng
080
_a
070
100
_a
40
101
_a
MED
245
_a
INTRODUCING COMMUNICATION RESEARCH PATHS OF INQUIRY
_c
TREADWELL.D
942
_2
udc
_c
BK
999
_c
26164
_d
26164